| 000 | 00518nam a2200169Ia 4500 | ||
|---|---|---|---|
| 008 | 210719s2014 xx 000 0 und d | ||
| 041 | _aeng | ||
| 082 | _a519.5 RAJB | ||
| 100 | _aRAJ MOHAN | ||
| 245 | _aBusiness statistics and mathematics: for BCom I and II Sem | ||
| 260 |
_aUdupi _bBenaka Books, Udupi _c2014 |
||
| 300 |
_a294 _bPB |
||
| 365 |
_b170 _cRs |
||
| 650 | _aBusiness Statistics | ||
| 650 | _aMathematical Statistics | ||
| 906 | _aand ; BCom ; Business ; for ; I ; II ; mathematics: ; Sem ; statistics | ||
| 999 |
_c211830 _d211830 |
||